Size doesn't matter / (Record no. 173366)

000 -LEADER
fixed length control field 00544nam a22002057a 4500
003 - CONTROL NUMBER IDENTIFIER
control field Nust
005 - DATE AND TIME OF LATEST TRANSACTION
control field 20180720111259.0
008 - FIXED-LENGTH DATA ELEMENTS--GENERAL INFORMATION
fixed length control field 170123b xxu||||| |||| 00| 0 eng d
020 ## - INTERNATIONAL STANDARD BOOK NUMBER
International Standard Book Number 9780330455862
Terms of availability Rs. 476
038 ## - RECORD CONTENT LICENSOR
Staff Name Arshad
040 ## - CATALOGING SOURCE
Original cataloging agency NUST- Fiction
082 ## - DEWEY DECIMAL CLASSIFICATION NUMBER
Classification number 813.6
Author Mark CAB
100 ## - MAIN ENTRY--PERSONAL NAME
Personal name Cabot, Meg
9 (RLIN) 11902
245 ## - TITLE STATEMENT
Title Size doesn't matter /
Statement of responsibility, etc. by Meg Cabot
260 ## - PUBLICATION, DISTRIBUTION, ETC.
Place of publication, distribution, etc. USA:
Name of publisher, distributor, etc. Pan books,
Date of publication, distribution, etc. 2007.
300 ## - PHYSICAL DESCRIPTION
Extent 280 p.
650 ## - SUBJECT ADDED ENTRY--TOPICAL TERM
Topical term or geographic name entry element Wells, Heather (Fictitious character)
9 (RLIN) 11919
650 ## - SUBJECT ADDED ENTRY--TOPICAL TERM
Topical term or geographic name entry element Supervisors
9 (RLIN) 11920
942 ## - ADDED ENTRY ELEMENTS (KOHA)
Source of classification or shelving scheme
Koha item type Book
Holdings
Withdrawn status Lost status Source of classification or shelving scheme Damaged status Not for loan Collection code Permanent Location Current Location Shelving location Date acquired Total Checkouts Full call number Barcode Date last seen Date last checked out Copy number Price effective from Koha item type
            Central Library (CL) Central Library (CL) Fiction 01/23/2017 2 813.6 CAB CL690 11/13/2023 09/22/2019 1 01/23/2017 Book
© 2023 Central Library, National University of Sciences and Technology. All Rights Reserved.